| 000 | 00946cam a2200289 a 4500 | ||
|---|---|---|---|
| 001 | 4978637 | ||
| 003 | Nust | ||
| 005 | 20220831105951.0 | ||
| 008 | 980109s1998 nyu 000 1 eng | ||
| 010 | _a 98009342 | ||
| 020 |
_a9780330478267 _cRs. 476 |
||
| 038 | _aArshad | ||
| 040 |
_aDLC _cDLC _dDLC _dOCoLC _dDLC |
||
| 050 | 0 | 0 |
_aPR6053.O425 _bT48 1998 |
| 082 | 0 | 0 |
_a823 _2COL |
| 100 | 1 |
_aCollins, Jackie. _912048 |
|
| 245 | 1 | 0 |
_aThrill! / _cJackie Collins. |
| 260 |
_aNew York, NY : _bSimon & Schuster, _c1998. |
||
| 300 |
_a468 p. ; _c25 cm. |
||
| 650 | 0 |
_aMan-woman relationships _xFiction. _910862 |
|
| 650 | 0 |
_aMotion picture industry _xFiction. _98377 |
|
| 655 | 7 |
_aErotic fiction. _2gsafd _96616 |
|
| 906 |
_a7 _bcbc _corignew _d1 _eocip _f19 _gy-gencatlg |
||
| 942 |
_2ddc _cBK |
||
| 999 |
_c174419 _d174419 |
||